[Event "Titled Tuesday intern op 04th Jan"]
[Site "Chess.com INT"]
[Date "2022.01.04"]
[Round "4"]
[White "Bentivegna, Francesco"]
[Black "Aketayeva, Dana"]
[Result "0-1"]
[WhiteElo "2281"]
[BlackElo "2130"]
[PlyCount "48"]
[EventDate "2022.01.04"]
[EventType "swiss (blitz)"]
[EventRounds "11"]
[EventCountry "USA"]
[SourceTitle "EXT 2023"]
[Source "ChessBase"]
[SourceDate "2022.10.05"]
[SourceVersion "1"]
[SourceVersionDate "2022.10.05"]
[SourceQuality "1"]

1. e4 c5 2. c3 d5 3. exd5 Qxd5 4. d4 cxd4 5. Nf3 Nc6 6. cxd4 Nf6 7. Nc3 Qa5 8. d5 Nb4 9. Bc4 g6 10. 0-0 Bg7 11. a3 Na6 12. b4 Qc7 13. Qd3 Bf5 14. Qe2 0-0 15. Nb5 Qd8 16. Bb2 Nc7 17. Nxc7 Qxc7 18. Rac1 Bh6 19. d6 Qxd6 20. Rfd1 Qb8 21. Qxe7 Ne4 22. Ne5 Qe8 23. Qxe8 Raxe8 24. Nd7 Bxc1 0-1

[Event "Titled Tuesday intern op 21st Dec"]
[Site "Chess.com INT"]
[Date "2021.12.21"]
[Round "3"]
[White "Bentivegna, Francesco"]
[Black "Korkmaz, Necmettin"]
[Result "0-1"]
[WhiteElo "2281"]
[BlackElo "2106"]
[PlyCount "56"]
[EventDate "2021.12.21"]
[EventType "swiss (blitz)"]
[EventRounds "11"]
[EventCountry "USA"]
[SourceTitle "CBM 205 Extra"]
[Source "ChessBase"]
[SourceDate "2022.01.31"]
[SourceVersion "1"]
[SourceVersionDate "2022.01.31"]
[SourceQuality "1"]

1. e4 e6 2. d4 d5 3. e5 c5 4. Nf3 Nc6 5. Bd3 cxd4 6. 0-0 Nge7 7. Bf4 h6 8. Re1 g5 9. Bg3 Bg7 10. Nbd2 Nf5 11. a3 0-0 12. Nb3 Qb6 13. h4 Nxg3 14. fxg3 g4 15. Nfd2 Nxe5 16. h5 Nxd3 17. cxd3 e5 18. Rc1 Bf5 19. Nc5 Qxb2 20. a4 b6 21. Rc2 Qb4 22. Ncb3 Bxd3 23. Rc7 Bf5 24. a5 e4 25. Nf1 e3 26. Nh2 Rac8 27. Rxc8 Rxc8 28. Nxg4 Bc2 0-1

[Event "Titled Tuesday intern op 14th Dec"]
[Site "Chess.com INT"]
[Date "2021.12.14"]
[Round "5"]
[White "Samarth, J Rao"]
[Black "Bentivegna, Francesco"]
[Result "1-0"]
[WhiteElo "1664"]
[BlackElo "2281"]
[PlyCount "105"]
[EventDate "2021.12.14"]
[EventType "swiss (blitz)"]
[EventRounds "11"]
[EventCountry "USA"]
[SourceTitle "EXT 2023"]
[Source "ChessBase"]
[SourceDate "2022.10.05"]
[SourceVersion "1"]
[SourceVersionDate "2022.10.05"]
[SourceQuality "1"]

1. d4 d5 2. e3 Nc6 3. Nf3 Bg4 4. Bb5 e6 5. Nbd2 Nf6 6. 0-0 Bd6 7. h3 Bh5 8. c4 0-0 9. Bxc6 bxc6 10. c5 Be7 11. g4 Bg6 12. Ne5 Qe8 13. Qa4 Nd7 14. Ndf3 Be4 15. Qxc6 Nxe5 16. Nxe5 Bf6 17. Qxe8 Rfxe8 18. f3 Bc2 19. Rf2 Bxe5 20. Rxc2 Bf6 21. b4 e5 22. dxe5 Bxe5 23. Rb1 d4 24. exd4 Bxd4+ 25. Kg2 c6 26. a4 a6 27. Bf4 Ra7 28. b5 axb5 29. axb5 cxb5 30. Rxb5 h6 31. h4 Be5 32. Bxe5 Rxe5 33. Rb8+ Kh7 34. c6 Rc7 35. Rb7 Ree7 36. Rxc7 Rxc7 37. Kf2 Kg6 38. Ke3 Kf6 39. Kd4 Ke6 40. Kc5 Rc8 41. Re2+ Kf6 42. Kd6 Rd8+ 43. Kc7 Rd3 44. f4 Rd4 45. g5+ Kf5 46. Re7 Kxf4 47. gxh6 gxh6 48. Rxf7+ Kg4 49. Rd7 Rc4 50. Kd6 Kxh4 51. c7 h5 52. Rd8 Kg3 53. Rg8+ 1-0

[Event "Titled Tuesday intern op 14th Dec"]
[Site "Chess.com INT"]
[Date "2021.12.14"]
[Round "2"]
[White "Tasev, Dejan"]
[Black "Bentivegna, Francesco"]
[Result "1-0"]
[WhiteElo "2272"]
[BlackElo "2281"]
[PlyCount "105"]
[EventDate "2021.12.14"]
[EventType "swiss (blitz)"]
[EventRounds "11"]
[EventCountry "USA"]
[SourceTitle "EXT 2023"]
[Source "ChessBase"]
[SourceDate "2022.10.05"]
[SourceVersion "1"]
[SourceVersionDate "2022.10.05"]
[SourceQuality "1"]

1. e4 e5 2. Nf3 Nc6 3. Bb5 f5 4. Bxc6 dxc6 5. Nxe5 Qd4 6. Nf3 Qxe4+ 7. Qe2 Nf6 8. d3 Qxe2+ 9. Kxe2 Bd6 10. Re1 0-0 11. Kf1 Bd7 12. Bg5 Rae8 13. Nbd2 Nd5 14. Nc4 f4 15. Rxe8 Bxe8 16. Nxd6 cxd6 17. c4 h6 18. Bxh6 gxh6 19. cxd5 Bg6 20. Rd1 Bh5 21. dxc6 bxc6 22. Rc1 Bxf3 23. gxf3 c5 24. d4 Rb8 25. dxc5 dxc5 26. b3 Rb5 27. Rc4 Kf7 28. Rxf4+ Kg6 29. Ra4 a5 30. Kg2 Kf5 31. Kg3 Ke5 32. f4+ Kf5 33. f3 h5 34. h4 Ke6 35. Re4+ Kf6 36. Re5 a4 37. bxa4 Rb2 38. Rxc5 Rxa2 39. a5 Kg6 40. Rb5 Kf6 41. Rxh5 Kg6 42. Rg5+ Kh6 43. Re5 Ra4 44. Kg4 Ra1 45. Rb5 Kh7 46. h5 Ra4 47. Kg5 Ra1 48. Rb7+ Kh8 49. Kg6 Rg1+ 50. Kf5 Rh1 51. a6 Rxh5+ 52. Kg6 Ra5 53. Rb8# 1-0

[Event "Titled Tuesday intern op 07th Dec"]
[Site "Chess.com INT"]
[Date "2021.12.07"]
[Round "10"]
[White "Marcziter, Dmitrii"]
[Black "Bentivegna, Francesco"]
[Result "1/2-1/2"]
[WhiteElo "2264"]
[BlackElo "2281"]
[PlyCount "118"]
[EventDate "2021.12.07"]
[EventType "swiss (blitz)"]
[EventRounds "11"]
[EventCountry "USA"]
[SourceTitle "CBM 205 Extra"]
[Source "ChessBase"]
[SourceDate "2022.01.31"]
[SourceVersion "1"]
[SourceVersionDate "2022.01.31"]
[SourceQuality "1"]

1. d4 d5 2. c4 e5 3. dxe5 d4 4. Nf3 Nc6 5. g3 Nge7 6. Bg2 Ng6 7. a3 a5 8. 0-0 Ngxe5 9. Nbd2 Nxf3+ 10. Nxf3 Bc5 11. b3 0-0 12. Bb2 Re8 13. Re1 Bg4 14. Qd2 Qe7 15. h3 Bh5 16. Nxd4 Nxd4 17. Bxd4 Bxa3 18. Bc3 Bb4 19. Bxb4 Qxb4 20. Qxb4 axb4 21. Bxb7 Rxa1 22. Rxa1 Bxe2 23. Re1 Kf8 24. Bc6 Re7 25. Ra1 g6 26. Ra8+ Kg7 27. Rb8 Bd3 28. Rxb4 Re1+ 29. Kg2 Bf1+ 30. Kf3 Bxh3 31. Rb7 Re7 32. b4 h5 33. b5 Kf6 34. c5 Bg4+ 35. Kg2 g5 36. b6 cxb6 37. cxb6 Rxb7 38. Bxb7 Ke7 39. Bd5 Kd6 40. b7 Kc7 41. Bxf7 Kxb7 42. f3 Bf5 43. Bxh5 Kc7 44. Kf2 Kd6 45. Ke3 Ke5 46. Be8 Be6 47. Bc6 Bf7 48. Be4 Be6 49. Kd3 Bf7 50. Ke3 Be6 51. Bb1 Bf7 52. Bc2 Be6 53. f4+ gxf4+ 54. gxf4+ Kf6 55. Ke4 Bf5+ 56. Ke3 Bxc2 57. Kf3 Kf5 58. Ke3 Be4 59. Kd4 Kxf4 1/2-1/2

[Event "Titled Tuesday intern op 30th Nov"]
[Site "Chess.com INT"]
[Date "2021.11.30"]
[Round "1"]
[White "Bentivegna, Francesco"]
[Black "Msellek, Ilyass"]
[Result "0-1"]
[WhiteElo "2281"]
[BlackElo "2384"]
[PlyCount "64"]
[EventDate "2021.11.30"]
[EventType "swiss (blitz)"]
[EventRounds "11"]
[EventCountry "USA"]
[SourceTitle "CBM 205 Extra"]
[Source "ChessBase"]
[SourceDate "2022.01.31"]
[SourceVersion "1"]
[SourceVersionDate "2022.01.31"]
[SourceQuality "1"]

1. e4 e6 2. d4 d5 3. e5 c5 4. Nf3 Nc6 5. Bd3 cxd4 6. 0-0 Nge7 7. Bf4 Ng6 8. Bg3 Bc5 9. Nbd2 a5 10. a3 b6 11. Qe2 a4 12. h4 Bb7 13. h5 Nge7 14. h6 g6 15. Bh4 Qc7 16. Bf6 Rg8 17. Ng5 Nf5 18. Nxh7 Be7 19. Ng5 Nxh6 20. Rfe1 Nf5 21. Ndf3 Bxf6 22. exf6 0-0-0 23. Bb5 Rh8 24. g3 d3 25. cxd3 Ncd4 26. Nxd4 Nxd4 27. Qe3 Nxb5 28. Rac1 Bc6 29. Nxe6 fxe6 30. Qxe6+ Kb7 31. f7 d4 32. Re5 Rh1# 0-1

[Event "Titled Tuesday intern op 30th Nov"]
[Site "Chess.com INT"]
[Date "2021.11.30"]
[Round "11"]
[White "Bentivegna, Francesco"]
[Black "Muhammad, Shahzeb"]
[Result "1-0"]
[WhiteElo "2281"]
[BlackElo "1990"]
[PlyCount "35"]
[EventDate "2021.11.30"]
[EventType "swiss (blitz)"]
[EventRounds "11"]
[EventCountry "USA"]
[SourceTitle "CBM 205 Extra"]
[Source "ChessBase"]
[SourceDate "2022.01.31"]
[SourceVersion "1"]
[SourceVersionDate "2022.01.31"]
[SourceQuality "1"]

1. e4 d5 2. exd5 Nf6 3. d4 Nxd5 4. Nf3 Nb6 5. Be2 g6 6. 0-0 Bg7 7. Re1 0-0 8. c4 Nc6 9. d5 Ne5 10. Nxe5 Bxe5 11. Bd3 Bf6 12. Nc3 e6 13. Bh6 Re8 14. Qf3 a6 15. Ne4 Bg7 16. Bg5 Qd7 17. Nf6+ Bxf6 18. Qxf6 1-0

[Event "Titled Tuesday intern op 30th Nov"]
[Site "Chess.com INT"]
[Date "2021.11.30"]
[Round "2"]
[White "Bentivegna, Francesco"]
[Black "Terletsky, Oleg"]
[Result "0-1"]
[WhiteElo "2281"]
[BlackElo "2164"]
[PlyCount "138"]
[EventDate "2021.11.30"]
[EventType "swiss (blitz)"]
[EventRounds "11"]
[EventCountry "USA"]
[SourceTitle "CBM 205 Extra"]
[Source "ChessBase"]
[SourceDate "2022.01.31"]
[SourceVersion "1"]
[SourceVersionDate "2022.01.31"]
[SourceQuality "1"]

1. e4 e5 2. Nf3 Nc6 3. Bc4 Nf6 4. Ng5 d5 5. exd5 Na5 6. Bb5+ c6 7. dxc6 bxc6 8. Bd3 Nd5 9. Nf3 Bd6 10. 0-0 0-0 11. Re1 Re8 12. Nc3 f5 13. Nxd5 cxd5 14. Bf1 d4 15. b4 Nc6 16. Bc4+ Kh8 17. Bd5 Bb7 18. d3 h6 19. Ng5 Rf8 20. Ne6 Qh4 21. g3 Qh3 22. Bg2 Qxg2+ 23. Kxg2 Nd8+ 24. Kg1 Nxe6 25. Qh5 Rf6 26. Bd2 Raf8 27. c3 f4 28. Rf1 Ng5 29. f3 Kh7 30. gxf4 g6 31. Qg4 exf4 32. h4 Bc8 33. Qg2 Nh3+ 34. Kh2 g5 35. Rae1 g4 36. fxg4 f3+ 37. Kxh3 fxg2 38. Kxg2 Rxf1 39. Rxf1 Rxf1 40. Kxf1 dxc3 41. Bxc3 Bxg4 42. Kf2 Kg6 43. Ke3 Kf5 44. a3 Bf4+ 45. Kf2 Bd1 46. Bd4 a6 47. Be3 h5 48. Bc5 Ba4 49. Be7 Bb5 50. Ke2 Bc1 51. Bd8 Bxa3 52. Be7 a5 53. Ke3 Bxb4 54. Bd8 a4 55. Bb6 a3 56. Bd4 Be7 57. Ba1 Bxh4 58. d4 Bg5+ 59. Kf3 Bc1 60. d5 Bb2 61. d6 Bxa1 62. d7 Bf6 63. d8Q Bxd8 64. Kg3 Bg5 65. Kh2 a2 66. Kh1 a1Q+ 67. Kh2 Qb2+ 68. Kg3 h4+ 69. Kh3 Bf1# 0-1

[Event "Titled Tuesday intern op 30th Nov"]
[Site "Chess.com INT"]
[Date "2021.11.30"]
[Round "8"]
[White "Maly, Alexey"]
[Black "Bentivegna, Francesco"]
[Result "0-1"]
[WhiteElo "2368"]
[BlackElo "2281"]
[PlyCount "58"]
[EventDate "2021.11.30"]
[EventType "swiss (blitz)"]
[EventRounds "11"]
[EventCountry "USA"]
[SourceTitle "CBM 205 Extra"]
[Source "ChessBase"]
[SourceDate "2022.01.31"]
[SourceVersion "1"]
[SourceVersionDate "2022.01.31"]
[SourceQuality "1"]

1. d4 d5 2. c4 e5 3. dxe5 d4 4. Nf3 Nc6 5. g3 Nge7 6. Bg2 Ng6 7. 0-0 Ngxe5 8. Nbd2 Nxf3+ 9. Nxf3 Bc5 10. a3 a5 11. b3 0-0 12. Bb2 Bg4 13. h3 Bh5 14. Qd2 Re8 15. Rad1 Qe7 16. Nxd4 Nxd4 17. Bxd4 Bxd4 18. Qxd4 Rad8 19. Qf4 Rxd1 20. Rxd1 c6 21. Qf5 Bg6 22. Qxa5 Qxe2 23. Rd2 Qe1+ 24. Kh2 h5 25. h4 Kh7 26. Qc3 Re2 27. Rc2 Bxc2 28. Qf3 Qxf2 29. Qxh5+ Kg8 0-1

[Event "ITA-ch sf 78th"]
[Site "Alessandria"]
[Date "2018.07.25"]
[Round "5"]
[White "Dvirnyy, Danyyil"]
[Black "Bentivegna, Francesco"]
[Result "1/2-1/2"]
[WhiteElo "2504"]
[BlackElo "2271"]
[PlyCount "20"]
[EventDate "2018.07.21"]
[EventType "swiss"]
[EventRounds "9"]
[EventCountry "ITA"]
[SourceTitle "CBM 186 Extra"]
[Source "ChessBase"]
[SourceDate "2018.08.24"]
[SourceVersion "1"]
[SourceVersionDate "2018.08.24"]
[SourceQuality "1"]

1. d4 Nc6 2. c4 e5 3. d5 Nce7 4. Nc3 Ng6 5. g3 Nf6 6. h4 Bc5 7. h5 Ne7 8. h6 g6 9. e4 d6 10. f3 c6 1/2-1/2

[Event "Gioiosa Marea op 22nd"]
[Site "Gioiosa Marea"]
[Date "2018.06.24"]
[Round "9"]
[White "Musso, Andrea"]
[Black "Bentivegna, Francesco"]
[Result "0-1"]
[WhiteElo "2002"]
[BlackElo "2247"]
[PlyCount "54"]
[EventDate "2018.06.17"]
[EventType "swiss"]
[EventRounds "9"]
[EventCountry "ITA"]
[SourceTitle "CBM 185 Extra"]
[Source "ChessBase"]
[SourceDate "2018.07.29"]
[SourceVersion "1"]
[SourceVersionDate "2018.07.29"]
[SourceQuality "1"]

1. e4 c5 2. c3 e6 3. d4 d5 4. exd5 exd5 5. Nf3 Nc6 6. Be3 c4 7. b3 cxb3 8. axb3 Bd6 9. Be2 Nge7 10. Qd2 0-0 11. 0-0 Re8 12. Bf4 Bxf4 13. Qxf4 Ng6 14. Qd2 Qf6 15. Kh1 Nf4 16. Bb5 Nxg2 17. Kxg2 Bh3+ 18. Kg3 Re4 19. Qg5 Rg4+ 20. Qxg4 Bxg4 21. Kxg4 h5+ 22. Kg3 Qg6+ 23. Ng5 Qxg5+ 24. Kf3 Re8 25. h3 Re6 26. Bd3 Ne7 27. Rxa7 f5 0-1

[Event "Gioiosa Marea op 22nd"]
[Site "Gioiosa Marea"]
[Date "2018.06.19"]
[Round "3"]
[White "Bentivegna, Francesco"]
[Black "Favaloro, Andrea"]
[Result "1/2-1/2"]
[WhiteElo "2247"]
[BlackElo "2209"]
[PlyCount "99"]
[EventDate "2018.06.17"]
[EventType "swiss"]
[EventRounds "9"]
[EventCountry "ITA"]
[SourceTitle "CBM 185 Extra"]
[Source "ChessBase"]
[SourceDate "2018.07.29"]
[SourceVersion "1"]
[SourceVersionDate "2018.07.29"]
[SourceQuality "1"]

1. e4 e5 2. Nf3 Nc6 3. Nc3 Nf6 4. Be2 Bd6 5. a3 0-0 6. Bc4 Bc5 7. d3 a6 8. h3 d6 9. Bg5 h6 10. Bh4 Be6 11. Nd5 Bxd5 12. Bxd5 g5 13. Bxc6 bxc6 14. Nxg5 hxg5 15. Bxg5 Bxf2+ 16. Ke2 Bg3 17. Rf1 Bf4 18. Bh4 d5 19. g3 dxe4 20. gxf4 exd3+ 21. Qxd3 Qxd3+ 22. cxd3 Nd7 23. f5 Rab8 24. Rg1+ Kh7 25. b4 c5 26. Rg5 Kh6 27. Rag1 Nf6 28. Be1 cxb4 29. Bd2 Kh7 30. axb4 Rg8 31. h4 Rxg5 32. hxg5 Nd5 33. Rg4 Kg7 34. Rc4 Rd8 35. Re4 f6 36. d4 exd4 37. Rxd4 fxg5 38. Bxg5 Rd6 39. Kf3 Kf7 40. Rc4 Rb6 41. Bd2 Rd6 42. Be1 Rb6 43. Rc5 Nxb4 44. Rxc7+ Ke8 45. Ke4 Rb5 46. f6 Nd5 47. f7+ Kf8 48. Ra7 Ne7 49. Bh4 Rb4+ 50. Kd3 1/2-1/2

[Event "ITA-ch rapid"]
[Site "Chianciano Terme"]
[Date "2018.03.31"]
[Round "4"]
[White "Dvirnyy, Danyyil"]
[Black "Bentivegna, Francesco"]
[Result "1-0"]
[WhiteElo "2537"]
[BlackElo "2272"]
[PlyCount "57"]
[EventDate "2018.03.31"]
[EventType "swiss (rapid)"]
[EventRounds "7"]
[EventCountry "ITA"]
[SourceTitle "CBM 183 Extra"]
[Source "ChessBase"]
[SourceDate "2018.04.19"]
[SourceVersion "1"]
[SourceVersionDate "2018.04.19"]
[SourceQuality "1"]

1. d4 d5 2. c4 Nc6 3. Nc3 Nf6 4. Nf3 dxc4 5. e4 Bg4 6. Be3 e6 7. Bxc4 Bb4 8. Qd3 Bh5 9. Nd2 Bg6 10. f3 0-0 11. Nb3 e5 12. d5 Nd4 13. Nxd4 exd4 14. Qxd4 Qe7 15. 0-0 a6 16. e5 Rfe8 17. f4 Rad8 18. Rae1 Bxc3 19. bxc3 Nxd5 20. Bxd5 c6 21. c4 Bf5 22. Rd1 Qa3 23. Qc5 Qxc5 24. Bxc5 cxd5 25. cxd5 Be4 26. d6 Bc6 27. Bb6 Rd7 28. Rfe1 f5 29. e6 1-0

[Event "ITA-ch rapid"]
[Site "Chianciano Terme"]
[Date "2018.03.31"]
[Round "6"]
[White "Sonis, Francesco"]
[Black "Bentivegna, Francesco"]
[Result "1-0"]
[WhiteElo "2445"]
[BlackElo "2272"]
[PlyCount "117"]
[EventDate "2018.03.31"]
[EventType "swiss (rapid)"]
[EventRounds "7"]
[EventCountry "ITA"]
[SourceTitle "CBM 183 Extra"]
[Source "ChessBase"]
[SourceDate "2018.04.19"]
[SourceVersion "1"]
[SourceVersionDate "2018.04.19"]
[SourceQuality "1"]

1. e4 e5 2. Nf3 Nc6 3. Bc4 Nf6 4. d3 d5 5. exd5 Nxd5 6. 0-0 Bg4 7. Nbd2 Be7 8. c3 0-0 9. a4 Kh8 10. a5 Nf4 11. Ne4 f5 12. Ng3 Nxg2 13. Kxg2 e4 14. dxe4 fxe4 15. Qxd8 Bxf3+ 16. Kg1 Raxd8 17. Re1 Ne5 18. Bf1 Bc5 19. b4 Bd6 20. Be3 Nd3 21. Reb1 Be5 22. Ra3 h5 23. Bg2 Bxg3 24. hxg3 Bxg2 25. Kxg2 Nxf2 26. Bd4 Ng4 27. Rh1 Rf5 28. Ra2 Kg8 29. Re1 Re8 30. Bxa7 e3 31. Rae2 Rfe5 32. Bd4 Re4 33. b5 Ra8 34. Ra1 Re6 35. Ra4 Kh7 36. Kh3 Re4 37. a6 bxa6 38. Rxa6 Rf8 39. Kg2 Rf2+ 40. Rxf2 exf2 41. Ra2 Re8 42. Rd2 g5 43. Bxf2 Nxf2 44. Rd7+ Kg6 45. Kxf2 Re5 46. c4 Rc5 47. Rd4 Kf6 48. Ke3 Re5+ 49. Kd3 g4 50. Rd7 h4 51. gxh4 Rh5 52. Rxc7 Rxh4 53. Ke3 Ke5 54. Rc5+ Ke6 55. Kf4 Kd6 56. Rc6+ Kd7 57. Kg3 Rh1 58. Kxg4 Rf1 59. Kg3 1-0

[Event "Titled Tuesday intern op 4th Oct"]
[Site "Chess.com INT"]
[Date "2016.10.04"]
[Round "2"]
[White "Bentivegna, Francesco"]
[Black "Johnson, Joel F"]
[Result "1-0"]
[WhiteElo "2281"]
[BlackElo "2223"]
[PlyCount "55"]
[EventDate "2016.10.04"]
[EventType "swiss (blitz)"]
[EventRounds "9"]
[EventCountry "USA"]
[SourceTitle "EXT 2021"]
[Source "ChessBase"]
[SourceDate "2020.10.23"]
[SourceVersion "1"]
[SourceVersionDate "2020.10.23"]
[SourceQuality "1"]

1. e4 a6 2. d4 b5 3. Nf3 Bb7 4. Bd3 e6 5. 0-0 Nf6 6. Re1 d6 7. a4 b4 8. Nbd2 Nbd7 9. Nf1 h6 10. Ng3 g5 11. d5 g4 12. Nd4 exd5 13. exd5+ Ne5 14. Bf4 Nfd7 15. Nc6 Qf6 16. Qxg4 h5 17. Ne4 hxg4 18. Nxf6+ Nxf6 19. Nxe5 dxe5 20. Bxe5 Nxd5 21. Bxh8+ Kd7 22. Bf5+ Kc6 23. Bd4 Bd6 24. Be4 Kd7 25. c4 bxc3 26. bxc3 Bc6 27. c4 Nb4 28. Bf5+ 1-0